[Event "XXV Festival Conca della Presolana A"]
[Site "Bratto - Castione della Presolana ITA"]
[Date "2005.08.28"]
[Round "9"]
[White "Ricci, Alfredo"]
[Black "Xia, Jie"]
[Result "0-1"]
[WhiteElo "2015"]
[BlackElo "2121"]
[PlyCount "42"]
[EventDate "2005.08.20"]

1. e4 c5 2. Nf3 Nc6 3. d4 cxd4 4. Nxd4 g6 5. Nxc6 bxc6 6. c4 Bg7 7. Nc3 h5 8.
Be2 Nh6 9. O-O Qc7 10. Bg5 Ng4 11. g3 d5 12. exd5 Nxh2 13. Kxh2 h4 14. Kg2 hxg3
15. fxg3 Bh3+ 16. Kg1 Qb6+ 17. Rf2 Bd4 18. Ne4 Bf5 19. Bf6 Bxe4 20. Bxh8 Bxf2+
21. Kh2 Qe3 0-1

[Event "XXV Festival Conca della Presolana A"]
[Site "Bratto - Castione della Presolana ITA"]
[Date "2005.08.28"]
[Round "9"]
[White "Sanchez, Joseph"]
[Black "Lanzani, Mario"]
[Result "1-0"]
[WhiteElo "2452"]
[BlackElo "2356"]
[PlyCount "77"]
[EventDate "2005.08.20"]

1. e4 e5 2. Nf3 Nf6 3. Nxe5 d6 4. Nf3 Nxe4 5. d4 d5 6. Bd3 Bd6 7. O-O O-O 8. c4
c6 9. Nc3 Nxc3 10. bxc3 dxc4 11. Bxc4 Bg4 12. Qd3 Nd7 13. Re1 Qc7 14. h3 Bh5
15. Nh4 Rae8 16. Bd2 Bh2+ 17. Kf1 Bf4 18. Bxf4 Qxf4 19. g3 Qf6 20. Qf5 Rxe1+
21. Rxe1 g5 22. g4 gxh4 23. Qxh5 h6 24. Re4 Kh8 25. Kg2 b5 26. Bb3 a5 27. Re3
Kg7 28. a3 a4 29. Ba2 Qg5 30. Qxg5+ hxg5 31. Re7 Nf6 32. Rc7 Ne4 33. Rxc6 f5
34. Bb1 Nd2 35. Bxf5 Nc4 36. Bd3 Nxa3 37. Rg6+ Kf7 38. Rxg5 Rb8 39. Kf3 1-0

[Event "XXV Festival Conca della Presolana A"]
[Site "Bratto - Castione della Presolana ITA"]
[Date "2005.08.28"]
[Round "9"]
[White "Sax, Gyula"]
[Black "Qendro, Llambi"]
[Result "1-0"]
[WhiteElo "2568"]
[BlackElo "2357"]
[PlyCount "44"]
[EventDate "2005.08.20"]

1. e4 g6 2. d4 Bg7 3. Nc3 c6 4. f4 d5 5. e5 Nh6 6. Be2 f6 7. Be3 Nd7 8. Qd2 Nb6
9. h3 Be6 10. b3 Nf5 11. Bf2 fxe5 12. fxe5 Bh6 13. Qd3 O-O 14. g4 Ng7 15. Be3
Bxe3 16. Qxe3 c5 17. Nf3 cxd4 18. Nxd4 Rc8 19. O-O-O Qc7 20. Kb2 Qc5 21. Rhf1
Rxf1 22. Rxf1 22... Rf8 {...} 1-0

[Event "XXV Festival Conca della Presolana A"]
[Site "Bratto - Castione della Presolana ITA"]
[Date "2005.08.28"]
[Round "9"]
[White "Scotti, Umberto"]
[Black "Vinzoni, Andrea"]
[Result "1-0"]
[WhiteElo "2158"]
[BlackElo "2108"]
[PlyCount "55"]
[EventDate "2005.08.20"]

1. d4 d5 2. Nf3 Nf6 3. Bf4 c5 4. e3 Nc6 5. c3 Qb6 6. Qb3 c4 7. Qxb6 axb6 8. Na3
Ra5 9. Be2 Bf5 10. O-O e6 11. Nb1 b5 12. a3 b4 13. cxb4 Bxb4 14. Nbd2 Be7 15.
Ne5 Nxe5 16. Bxe5 Kd7 17. f3 Bg6 18. b3 b5 19. a4 Bb4 20. axb5 Rha8 21. Rxa5
Rxa5 22. Nxc4 dxc4 23. bxc4 Ra2 24. b6 Kc6 25. Bd1 Bd3 26. Rf2 Ra1 27. d5+ exd5
28. Bxa1 1-0

[Event "XXV Festival Conca della Presolana A"]
[Site "Bratto - Castione della Presolana ITA"]
[Date "2005.08.28"]
[Round "9"]
[White "Sedina, Elena"]
[Black "Rombaldoni, Denis"]
[Result "1-0"]
[WhiteElo "2402"]
[BlackElo "2327"]
[PlyCount "99"]
[EventDate "2005.08.20"]

1. e4 c6 2. c4 d5 3. exd5 cxd5 4. cxd5 Nf6 5. Nc3 Nxd5 6. Nf3 Nc6 7. Bb5 e6 8.
O-O Be7 9. Re1 O-O 10. d4 Qd6 11. a3 Bd7 12. Bd3 Nf6 13. Bc2 Rfd8 14. Qd3 Rac8
15. Bg5 g6 16. Rad1 Be8 17. Bb3 Kg7 18. Qd2 Na5 19. Ba2 Nc4 20. Qe2 Qa6 21. d5
Nxa3 22. Qxa6 bxa6 23. d6 Rxc3 24. bxc3 Rxd6 25. Rxd6 Bxd6 26. Bxe6 h6 27.
Bxf6+ Kxf6 28. Bd5 Bb5 29. Nd2 Bf4 30. Ne4+ Kg7 31. g3 Be5 32. Nc5 Bxc3 33. Re7
Kf6 34. Rxa7 Bd4 35. Rc7 Ke5 36. Bg2 Kd6 37. Nxa6 Nc4 38. Rc8 Bxa6 39. Rc6+ Ke7
40. Rxa6 Nd6 41. h4 Nf5 42. Kf1 h5 43. Bd5 Nd6 44. Kg2 Bc5 45. Rc6 Bb4 46. Rc7+
Kf6 47. f3 Be1 48. Rd7 Nf5 49. Rxf7+ Ke5 50. Ba2 1-0

[Event "XXV Festival Conca della Presolana A"]
[Site "Bratto - Castione della Presolana ITA"]
[Date "2005.08.28"]
[Round "9"]
[White "Shytaj, Carlo"]
[Black "Rosin, Federico"]
[Result "1-0"]
[WhiteElo "2212"]
[BlackElo "2127"]
[PlyCount "105"]
[EventDate "2005.08.20"]

1. e4 c5 2. c3 Nf6 3. e5 Nd5 4. d4 cxd4 5. Nf3 e6 6. cxd4 b6 7. Nc3 Nxc3 8.
bxc3 Qc7 9. Bd2 Bb7 10. Bd3 d6 11. O-O Nd7 12. Re1 dxe5 13. Nxe5 Nxe5 14. Rxe5
Bd6 15. Rh5 g6 16. Rh3 O-O 17. Bh6 Rfd8 18. Bg5 Be7 19. Bxe7 Qxe7 20. Re3 Qg5
21. Bf1 Rac8 22. Qb3 Rc7 23. Rd1 Bd5 24. c4 Bb7 25. Rg3 Qf5 26. Rgd3 Rcd7 27.
R3d2 Qe4 28. Qe3 Qf5 29. Be2 Qf6 30. f4 Qf5 31. Qe5 f6 32. Qe3 Kf7 33. g4 Qe4
34. Qxe4 Bxe4 35. Kf2 h6 36. Ke3 Bb7 37. h4 Ba6 38. Rc1 Bb7 39. a4 Bc6 40. Ra1
a6 41. a5 b5 42. cxb5 axb5 43. Rc1 Rd6 44. Rc5 b4 45. Rb2 Rb8 46. a6 Bd5 47. a7
Rbd8 48. Rxb4 R6d7 49. Rb8 Ba8 50. Bb5 Rxd4 51. Rc7+ Kf8 52. Rcc8 Re4+ 53. Kf3
1-0

[Event "XXV Festival Conca della Presolana A"]
[Site "Bratto - Castione della Presolana ITA"]
[Date "2005.08.28"]
[Round "9"]
[White "Shytaj, Luca"]
[Black "Gosio, Denis"]
[Result "1-0"]
[WhiteElo "2395"]
[BlackElo "2152"]
[PlyCount "48"]
[EventDate "2005.08.20"]

1. e4 c5 2. Nf3 e6 3. d4 cxd4 4. Nxd4 Nf6 5. Nc3 d6 6. g4 Be7 7. g5 Nfd7 8. Qh5
O-O 9. Be3 Nc6 10. h4 a6 11. O-O-O Nxd4 12. Bxd4 b5 13. f4 Re8 14. Bd3 e5 15.
Be3 Bf8 16. f5 Bb7 17. Be2 Rc8 18. Qf3 Rxc3 19. bxc3 Qa5 20. Bf2 Rc8 21. Rh3
Qxa2 22. f6 Qa4 23. Bd3 Rxc3 24. fxg7 24... Bxg7 {...} 1-0

[Event "XXV Festival Conca della Presolana A"]
[Site "Bratto - Castione della Presolana ITA"]
[Date "2005.08.28"]
[Round "9"]
[White "Simonini, Roberto"]
[Black "Osuna Munoz, Xavier"]
[Result "1/2-1/2"]
[WhiteElo "2065"]
[BlackElo "2092"]
[PlyCount "21"]
[EventDate "2005.08.20"]

1. e4 c5 2. Nc3 d6 3. g3 Nc6 4. Bg2 g6 5. d3 Bg7 6. Be3 Nf6 7. h3 O-O 8. Qd2
Nd4 9. Nge2 e5 10. f4 Nh5 11. O-O-O 1/2-1/2

[Event "XXV Festival Conca della Presolana A"]
[Site "Bratto - Castione della Presolana ITA"]
[Date "2005.08.28"]
[Round "9"]
[White "Tatai, Stefano"]
[Black "De Santis, Alessio"]
[Result "0-1"]
[WhiteElo "2370"]
[BlackElo "2251"]
[PlyCount "44"]
[EventDate "2005.08.20"]

1. e4 e6 2. d4 d5 3. Nc3 Nf6 4. Bg5 Be7 5. e5 Nfd7 6. Bxe7 Qxe7 7. f4 O-O 8.
Nf3 c5 9. dxc5 Nc6 10. Qd2 Nxc5 11. O-O-O a6 12. Nd4 Bd7 13. Kb1 b5 14. Qe3
Nxd4 15. Rxd4 f5 16. exf6 Qxf6 17. Be2 Rab8 18. Bf3 b4 19. Ne2 a5 20. f5 exf5
21. Rxd5 Na4 22. Rxd7 Qxb2# 0-1

[Event "XXV Festival Conca della Presolana A"]
[Site "Bratto - Castione della Presolana ITA"]
[Date "2005.08.28"]
[Round "9"]
[White "Vancini, Edoardo"]
[Black "Vocaturo, Daniele"]
[Result "1/2-1/2"]
[WhiteElo "2282"]
[BlackElo "2372"]
[PlyCount "89"]
[EventDate "2005.08.20"]

1. d4 Nf6 2. Bg5 e6 3. e3 c5 4. c3 h6 5. Bh4 b6 6. Nd2 Bb7 7. Ngf3 Be7 8. Bd3
O-O 9. O-O d6 10. e4 Nh5 11. Bg3 Nxg3 12. hxg3 Nc6 13. Qe2 cxd4 14. Nxd4 Bf6
15. N2f3 Qc7 16. Nxc6 Bxc6 17. Bb5 Bxb5 18. Qxb5 Rac8 19. Rad1 Rfd8 20. Rd2 Qc4
21. Qxc4 Rxc4 22. Rfd1 Be7 23. Rd4 Rdc8 24. Rxc4 Rxc4 25. Rd4 Rc5 26. Kf1 Kf8
27. Ke2 Rb5 28. b4 Rh5 29. Rc4 Ke8 30. Rc8+ Bd8 31. Ra8 a5 32. Nd4 Kd7 33. Ra7+
Ke8 34. Nc6 Bf6 35. Kd3 axb4 36. cxb4 b5 37. Rb7 Rh1 38. Na7 Rd1+ 39. Ke2 Ra1
40. Nxb5 Rxa2+ 41. Ke3 Bg5+ 42. f4 Be7 43. Rb8+ Kd7 44. Rb7+ Ke8 45. Rb8+
1/2-1/2

[Event "XVI C.to NATO"]
[Site "Kolobrzeg POL"]
[Date "2005.08.22"]
[Round "1"]
[White "Benedetti, Fabrizio"]
[Black "De Cat, Ben"]
[Result "1-0"]
[WhiteElo "2166"]
[BlackElo "1914"]
[PlyCount "57"]
[EventDate "2005.08.22"]

1. e4 d6 2. d4 Nd7 3. Bc4 Ngf6 4. Nc3 e5 5. Nf3 Be7 6. O-O h6 7. Qe2 g5 8. dxe5
dxe5 9. Rd1 Bd6 10. Nb5 Qe7 11. Rxd6 cxd6 12. Nc7+ Kd8 13. Nxa8 b6 14. Ba6 Bxa6
15. Qxa6 Nc5 16. Qc4 Qb7 17. Be3 Ke7 18. Nxe5 dxe5 19. Bxc5+ bxc5 20. Qxc5+ Kd8
21. Qxe5 Qc6 22. Qb8+ Qc8 23. Qxa7 Qxc2 24. Nb6 Re8 25. Qb8+ Ke7 26. Qe5+ Kf8
27. Qxf6 Rxe4 28. Nd5 Kg8 29. Qxh6 1-0

[Event "XVI C.to NATO"]
[Site "Kolobrzeg POL"]
[Date "2005.08.23"]
[Round "2"]
[White "Delfino, Luigi"]
[Black "Skindzier, Saturnin"]
[Result "1/2-1/2"]
[WhiteElo "2084"]
[BlackElo "2223"]
[PlyCount "39"]
[EventDate "2005.08.22"]

1. e4 c5 2. Nf3 Nc6 3. d4 cxd4 4. Nxd4 e5 5. Nb5 d6 6. a4 Be6 7. N1c3 a6 8. Na3
Rc8 9. Nc4 Nd4 10. Ne3 Nf6 11. Bd3 Be7 12. O-O O-O 13. Ncd5 Nd7 14. c3 Nc6 15.
Nf5 Bxf5 16. exf5 Bg5 17. Qh5 Bxc1 18. Raxc1 Nf6 19. Nxf6+ Qxf6 20. Be4 1/2-1/2

[Event "XVI C.to NATO"]
[Site "Kolobrzeg POL"]
[Date "2005.08.23"]
[Round "2"]
[White "Patron, Pascal"]
[Black "Benedetti, Fabrizio"]
[Result "0-1"]
[WhiteElo "2015"]
[BlackElo "2166"]
[PlyCount "80"]
[EventDate "2005.08.22"]

1. e4 c5 2. d4 cxd4 3. c3 d3 4. Bxd3 Nc6 5. Nf3 d6 6. Be3 Nf6 7. Nbd2 g6 8. Nf1
Bg4 9. h3 Bxf3 10. gxf3 Bg7 11. Ng3 O-O 12. f4 a6 13. h4 h5 14. f3 Rc8 15. Rg1
Na5 16. Qe2 Qc7 17. Qg2 e6 18. f5 Nc4 19. Bxc4 Qxc4 20. fxg6 fxg6 21. Ne2 Ne8
22. Qxg6 Rxf3 23. Bh6 Rf6 24. Qg5 Rc5 25. Qe3 Re5 26. Bxg7 Nxg7 27. Nd4 d5 28.
Rxg7+ Kxg7 29. Qg3+ Kf7 30. Qxe5 Qf1+ 31. Kd2 Qxa1 32. Qxh5+ Ke7 33. Qg5 Qxb2+
34. Nc2 Qb6 35. e5 Qf2+ 36. Kd1 Qf3+ 37. Ke1 Qxc3+ 38. Kd1 Qf3+ 39. Ke1 Qf1+
40. Kd2 Qf4+ 0-1

[Event "XVI C.to NATO"]
[Site "Kolobrzeg POL"]
[Date "2005.08.23"]
[Round "3"]
[White "Benedetti, Fabrizio"]
[Black "Helbig, Mark"]
[Result "1/2-1/2"]
[WhiteElo "2166"]
[BlackElo "2326"]
[PlyCount "69"]
[EventDate "2005.08.22"]

1. e4 c5 2. Nf3 e6 3. d4 cxd4 4. Nxd4 Nc6 5. g3 Nf6 6. Bg2 a6 7. O-O Qc7 8. Nc3
Be7 9. Be3 O-O 10. a4 d6 11. Qe2 Nxd4 12. Bxd4 e5 13. Be3 Be6 14. Rfd1 h6 15.
h3 Rfc8 16. Rd2 Qa5 17. Nd5 Nxd5 18. exd5 Bf5 19. c3 b5 20. b4 Qc7 21. axb5
axb5 22. Rxa8 Rxa8 23. Qxb5 Qxc3 24. Rd1 Qb3 25. Rc1 Bg5 26. Bxg5 hxg5 27. g4
Qb2 28. Rf1 Bg6 29. Qc6 Ra2 30. Qxd6 Bd3 31. Qd8+ Kh7 32. Qxg5 Bxf1 33. Qh4+
Kg8 34. Qd8+ Kh7 35. Qh4+ 1/2-1/2

[Event "XVI C.to NATO"]
[Site "Kolobrzeg POL"]
[Date "2005.08.23"]
[Round "3"]
[White "Karbowiak, Adam"]
[Black "Delfino, Luigi"]
[Result "1-0"]
[WhiteElo "2250"]
[BlackElo "2084"]
[PlyCount "57"]
[EventDate "2005.08.22"]

1. Nf3 Nf6 2. c4 g6 3. g3 Bg7 4. Bg2 O-O 5. O-O d6 6. Nc3 e5 7. d3 c6 8. Rb1 a5
9. a3 Bg4 10. b4 Na6 11. b5 Nc5 12. Be3 Ne6 13. bxc6 bxc6 14. Qa4 Qc8 15. Rb6
Nd8 16. Rfb1 Re8 17. Nd2 Bd7 18. Nde4 Qc7 19. Bg5 Nxe4 20. Nxe4 Re6 21. Qb3 f6
22. Rb8 Ra7 23. Qb6 fxg5 24. Rxd8+ Re8 25. Rxe8+ Bxe8 26. Nxd6 Bd7 27. c5 h6
28. Be4 Kh7 29. Qb8 1-0

[Event "XVI C.to NATO"]
[Site "Kolobrzeg POL"]
[Date "2005.08.23"]
[Round "3"]
[White "Tommasini, Enzo"]
[Black "Van den Heuvel, Tonnie"]
[Result "1/2-1/2"]
[WhiteElo "2147"]
[BlackElo "1951"]
[PlyCount "54"]
[EventDate "2005.08.22"]

1. d4 d5 2. c4 c6 3. Nf3 Nf6 4. Nc3 e6 5. e3 Nbd7 6. Qc2 a6 7. b3 Bd6 8. Bb2
O-O 9. Be2 Re8 10. O-O e5 11. cxd5 cxd5 12. dxe5 Nxe5 13. Rfd1 Bg4 14. Nd4 Rc8
15. h3 Be6 16. Qd2 Bb8 17. f4 Nc6 18. Bf3 Ba7 19. Nde2 Ne4 20. Bxe4 dxe4 21.
Qe1 Qe7 22. Qg3 Qf6 23. Rd2 Nb4 24. Ba3 Bc5 25. f5 Bd7 26. Nf4 Nd3 27. Bxc5
Rxc5 1/2-1/2

[Event "XVI C.to NATO"]
[Site "Kolobrzeg POL"]
[Date "2005.08.24"]
[Round "4"]
[White "Donati, Roberto"]
[Black "Skindzier, Saturnin"]
[Result "0-1"]
[WhiteElo "2165"]
[BlackElo "2223"]
[PlyCount "74"]
[EventDate "2005.08.22"]

1. e4 c5 2. Nc3 Nc6 3. g3 g6 4. Bg2 Bg7 5. Nge2 e6 6. O-O Nge7 7. f4 d6 8. Qe1
O-O 9. d3 Rb8 10. Be3 Nd4 11. Qd2 b5 12. Rae1 b4 13. Nd1 Bd7 14. c3 bxc3 15.
bxc3 Nxe2+ 16. Rxe2 Qa5 17. g4 f5 18. gxf5 gxf5 19. Bh3 Kh8 20. Rg2 Ng6 21.
exf5 exf5 22. d4 Bc6 23. d5 Bb5 24. Re1 Nh4 25. Rg3 Bc4 26. Bf2 Qxa2 27. Qxa2
Bxa2 28. Re7 Bf6 29. Rxa7 Bxd5 30. Rd3 Nf3+ 31. Kh1 Be4 32. Rxd6 Rb1 33. Bg2
Bd4 34. Bxd4+ cxd4 35. Bxf3 Rg8 36. h4 Rxd1+ 37. Kh2 Bxf3 0-1

[Event "XVI C.to NATO"]
[Site "Kolobrzeg POL"]
[Date "2005.08.24"]
[Round "4"]
[White "Wantiez, Fabrice"]
[Black "Benedetti, Fabrizio"]
[Result "0-1"]
[WhiteElo "2265"]
[BlackElo "2166"]
[PlyCount "50"]
[EventDate "2005.08.22"]

1. e4 c5 2. Nf3 Nc6 3. d4 cxd4 4. Nxd4 Nf6 5. Nc3 Qc7 6. g3 Nxe4 7. Ndb5 Qa5 8.
Qe2 Nxc3 9. Nd6+ Kd8 10. Nxf7+ Kc7 11. Qd2 Rg8 12. bxc3 h6 13. Bc4 Qc5 14. Bb3
Na5 15. Qf4+ d6 16. Nxd6 exd6 17. Bxg8 Qxc3+ 18. Qd2 Qe5+ 19. Qe2 Qxa1 20. O-O
Nc6 21. Qe8 Bh3 22. Qf7+ Be7 23. Re1 Qf6 24. Qc4 Rxg8 25. Bb2 Qf8 0-1

[Event "XVI C.to NATO"]
[Site "Kolobrzeg POL"]
[Date "2005.08.25"]
[Round "5"]
[White "Benedetti, Fabrizio"]
[Black "Drabke, Lorenz Maximilian"]
[Result "1/2-1/2"]
[WhiteElo "2166"]
[BlackElo "2425"]
[PlyCount "81"]
[EventDate "2005.08.22"]

1. e4 c5 2. Nf3 e6 3. d4 cxd4 4. Nxd4 Nf6 5. Nc3 Bb4 6. Bd3 e5 7. Nde2 d5 8.
exd5 Nxd5 9. Bd2 Nc6 10. O-O O-O 11. Nxd5 Qxd5 12. Nc3 Qd8 13. Ne4 Bf5 14. Re1
Kh8 15. Bb5 Bxd2 16. Qxd2 Nd4 17. Bd3 Qb6 18. b3 Qg6 19. Qe3 Rad8 20. c3 Ne6
21. Bf1 b6 22. Ng3 f6 23. Nxf5 Qxf5 24. Qe4 Qxe4 25. Rxe4 Nc5 26. Rc4 Rf7 27.
b4 Na4 28. Rc6 h5 29. g3 Rd2 30. Bb5 Nb2 31. a4 Kh7 32. Rf1 Kh6 33. a5 bxa5 34.
bxa5 Rb7 35. c4 Nd3 36. a6 Re7 37. Rd6 e4 38. c5 Rb2 39. Bxd3 exd3 40. Rxd3 Ra2
41. c6 1/2-1/2

[Event "XVI C.to NATO"]
[Site "Kolobrzeg POL"]
[Date "2005.08.25"]
[Round "5"]
[White "Kayar, Mehmet Erdem"]
[Black "Delfino, Luigi"]
[Result "1/2-1/2"]
[WhiteElo "2237"]
[BlackElo "2084"]
[PlyCount "34"]
[EventDate "2005.08.22"]

1. d4 Nf6 2. Nf3 g6 3. Nc3 c5 4. e4 cxd4 5. Nxd4 d6 6. Be3 Bg7 7. Be2 Nc6 8.
Nb3 O-O 9. f4 Be6 10. O-O Rc8 11. Bf3 Qc7 12. Bf2 Qb8 13. Nd4 Nxd4 14. Bxd4 Rc6
15. Qd2 a6 16. Ne2 b5 17. c3 b4 1/2-1/2

[Event "XVI C.to NATO"]
[Site "Kolobrzeg POL"]
[Date "2005.08.25"]
[Round "6"]
[White "Pioch, Zygmunt"]
[Black "Tommasini, Enzo"]
[Result "1-0"]
[WhiteElo "2245"]
[BlackElo "2147"]
[PlyCount "103"]
[EventDate "2005.08.22"]

1. e4 e6 2. d4 d5 3. Nd2 Nf6 4. e5 Nfd7 5. Bd3 c5 6. c3 Nc6 7. Ne2 cxd4 8. cxd4
f6 9. exf6 Qxf6 10. Nf3 h6 11. O-O Bd6 12. Bc2 O-O 13. a3 Rd8 14. Ne1 Nf8 15.
f4 Bd7 16. Nf3 Rac8 17. Ne5 Be8 18. Be3 Ne7 19. Ng3 Nf5 20. Nxf5 exf5 21. Qd3
g6 22. Bb3 Bc6 23. Rac1 Bc7 24. Rc2 Kg7 25. Rfc1 Bb6 26. Ba4 Rd6 27. b4 Re8 28.
Bxc6 bxc6 29. Rxc6 Rxc6 30. Rxc6 Re6 31. Rc8 g5 32. g3 Ng6 33. Kg2 gxf4 34.
Bxf4 Ne7 35. Rc2 Kh7 36. a4 Ng6 37. a5 Bd8 38. Rc8 Re8 39. Qf3 Qa6 40. Rc2 Qb5
41. Nxg6 Kxg6 42. Be5 Be7 43. h4 h5 44. Qf4 a6 45. Kh3 Qd7 46. Rc7 Qe6 47. Qc1
f4+ 48. Kg2 f3+ 49. Kf2 Qf5 50. Qc6+ Kf7 51. Qxd5+ Kf8 52. Bg7+ 1-0

[Event "XVI C.to NATO"]
[Site "Kolobrzeg POL"]
[Date "2005.08.25"]
[Round "6"]
[White "Toll, Alec J."]
[Black "Benedetti, Fabrizio"]
[Result "1/2-1/2"]
[WhiteElo "2097"]
[BlackElo "2166"]
[PlyCount "27"]
[EventDate "2005.08.22"]

1. d4 Nf6 2. Nf3 e6 3. Bg5 d5 4. c3 Be7 5. Nbd2 Nbd7 6. e3 h6 7. Bh4 O-O 8. Bd3
b6 9. O-O Bb7 10. Qc2 Re8 11. Rfe1 c5 12. Rad1 Qc7 13. Bg3 Bd6 14. Bxd6 1/2-1/2

[Event "XVI C.to NATO"]
[Site "Kolobrzeg POL"]
[Date "2005.08.26"]
[Round "7"]
[White "Benedetti, Fabrizio"]
[Black "Hammond, Andrew J.C."]
[Result "1/2-1/2"]
[WhiteElo "2166"]
[BlackElo "2213"]
[PlyCount "80"]
[EventDate "2005.08.22"]

1. e4 c5 2. Nf3 e6 3. d4 cxd4 4. Nxd4 Nc6 5. g3 a6 6. Bg2 Nge7 7. Be3 d6 8. a4
Bd7 9. Nc3 Nxd4 10. Qxd4 Nc6 11. Qd2 Qc7 12. Ne2 Be7 13. a5 O-O 14. Bb6 Qc8 15.
O-O Ne5 16. b3 Bc6 17. c4 Nd7 18. Bd4 Rd8 19. Rac1 Nf6 20. Nc3 Qd7 21. Bb6 Rf8
22. Rfd1 Rac8 23. Qe2 Qe8 24. b4 e5 25. Bh3 Bd7 26. Bxd7 Qxd7 27. b5 axb5 28.
cxb5 Qe6 29. Nd5 Rxc1 30. Nxf6+ Bxf6 31. Rxc1 Bd8 32. Bxd8 Rxd8 33. Rc7 d5 34.
Kg2 f5 35. exf5 Qxf5 36. a6 bxa6 37. bxa6 d4 38. Qc4+ Kh8 39. Rf7 Qg6 40. Rd7
Rf8 1/2-1/2

[Event "XVI C.to NATO"]
[Site "Kolobrzeg POL"]
[Date "2005.08.26"]
[Round "7"]
[White "Keough, Robert W."]
[Black "Donati, Roberto"]
[Result "1-0"]
[WhiteElo "2076"]
[BlackElo "2165"]
[PlyCount "53"]
[EventDate "2005.08.22"]

1. e4 c5 2. Nf3 d6 3. d4 cxd4 4. Nxd4 Nf6 5. Nc3 e6 6. Bc4 Nc6 7. Be3 a6 8. Qe2
Be7 9. Bb3 Bd7 10. O-O-O Qc7 11. Rhg1 b5 12. g4 b4 13. Na4 Nxe4 14. Nb6 Qxb6
15. Nxe6 Qa5 16. Nxg7+ Kd8 17. Bxf7 Qe5 18. Nh5 Bf6 19. Nxf6 Nxf6 20. g5 Ne8
21. Qd3 Kc7 22. Rge1 Qf5 23. Qc4 Rf8 24. Bd5 Rb8 25. Rd4 Qe5 26. Re4 Qxh2 27.
Re7 1-0

[Event "XVI C.to NATO"]
[Site "Kolobrzeg POL"]
[Date "2005.08.26"]
[Round "7"]
[White "Lebel, Patrick"]
[Black "Delfino, Luigi"]
[Result "1-0"]
[WhiteElo "2159"]
[BlackElo "2084"]
[PlyCount "57"]
[EventDate "2005.08.22"]

1. Nf3 Nf6 2. d4 g6 3. c4 Bg7 4. Nc3 O-O 5. Bf4 d6 6. e3 Nbd7 7. h3 c6 8. Be2
Qa5 9. O-O e5 10. Bh2 a6 11. Rb1 exd4 12. Nxd4 Qc7 13. Nf3 Ne8 14. Qd2 Ne5 15.
Rfd1 Bf5 16. Rbc1 Nxf3+ 17. Bxf3 Be5 18. Bxe5 dxe5 19. c5 Qe7 20. b4 Kg7 21. a4
Nf6 22. Qd6 Qe8 23. g4 e4 24. Bg2 Bc8 25. Qd4 h6 26. Nxe4 Qe7 27. f4 g5 28.
fxg5 hxg5 29. Rf1 1-0

[Event "XVI C.to NATO"]
[Site "Kolobrzeg POL"]
[Date "2005.08.26"]
[Round "7"]
[White "Tommasini, Enzo"]
[Black "Cuadrado Lopez, Francisco Javier"]
[Result "1-0"]
[WhiteElo "2147"]
[BlackElo "1975"]
[PlyCount "105"]
[EventDate "2005.08.22"]

1. d4 Nf6 2. c4 e6 3. g3 d5 4. Bg2 c6 5. Nf3 Bd6 6. Nbd2 O-O 7. O-O Nbd7 8. Qc2
Re8 9. e4 dxe4 10. Ng5 h6 11. Ndxe4 Bf8 12. Nf3 Nxe4 13. Qxe4 Nf6 14. Qe2 c5
15. Rd1 Qb6 16. Be3 Ng4 17. dxc5 Bxc5 18. Bxc5 Qxc5 19. h3 Nf6 20. Ne5 Rb8 21.
a3 a5 22. b3 Qe7 23. Qd2 Qc7 24. Qd6 Qxd6 25. Rxd6 Kf8 26. Rad1 Ng8 27. c5 f6
28. Nc4 Ne7 29. Nxa5 Nd5 30. Nc4 Ke7 31. Re1 Nc7 32. Nb6 Kf7 33. b4 Nb5 34.
Nxc8 Rbxc8 35. Rd7+ Re7 36. Rxe7+ Kxe7 37. Bxb7 Rc7 38. Bd5 e5 39. a4 Nd4 40.
Kf1 Rd7 41. Be4 g5 42. Bb1 Nf3 43. Bf5 Rd4 44. Re3 Nd2+ 45. Ke2 Nc4 46. Rd3 Nb2
47. Rxd4 exd4 48. a5 Kd8 49. f4 Kc7 50. Be4 Kd8 51. g4 Ke7 52. h4 Kd8 53. a6
1-0

[Event "II TOrneo Hotel Bizantino"]
[Site "Massafra ITA"]
[Date "2005.06.26"]
[Round "5"]
[White "Delfino, Luigi"]
[Black "Strippoli, Michele"]
[Result "1-0"]
[WhiteElo "2078"]
[BlackElo "1787"]
[PlyCount "89"]
[EventDate "2005.06.24"]

1. d4 e6 2. c4 Nf6 3. Nc3 Bb4 4. Qc2 b6 5. a3 Bxc3+ 6. Qxc3 Bb7 7. Nf3 d6 8. g3
Nbd7 9. Bg2 O-O 10. O-O c5 11. Rd1 Qc7 12. dxc5 Nxc5 13. Be3 Rac8 14. Rac1 d5
15. Bf4 Nce4 16. Qd4 Qc5 17. cxd5 Qxd4 18. Nxd4 Bxd5 19. f3 Nc5 20. e4 Bb3 21.
Rd2 Ba4 22. Rc3 Ncd7 23. Rxc8 Rxc8 24. b3 Bc6 25. Bf1 Bb7 26. Nb5 Ba6 27. Kf2
Bxb5 28. Bxb5 Nc5 29. Rb2 Rd8 30. Ke3 a6 31. Be2 b5 32. b4 Ncd7 33. Rc2 h6 34.
Kf2 Kf8 35. Rc6 e5 36. Be3 Nb8 37. Rc7 Nfd7 38. Bd1 Ke7 39. Bb3 Kd6 40. Rc1 f6
41. Bd5 Nf8 42. Bb6 Re8 43. Bf7 Re7 44. Bc5+ Kd7 45. Rd1+ 1-0

[Event "XVII Festival A"]
[Site "Porto San Giorgio ITA"]
[Date "2005.08.22"]
[Round "1"]
[White "Bokros, Albert"]
[Black "Melotti, Dario"]
[Result "1-0"]
[WhiteElo "2446"]
[BlackElo "2093"]
[PlyCount "69"]
[EventDate "2005.08.22"]

1. e4 c5 2. Nf3 d6 3. d4 cxd4 4. Nxd4 Nf6 5. f3 e5 6. Nb3 Be6 7. c4 Nbd7 8. Be3
a6 9. Nc3 Rc8 10. Nd5 Bxd5 11. cxd5 Nh5 12. g3 Be7 13. Qd2 h6 14. Bh3 Bg5 15.
O-O Bxe3+ 16. Qxe3 g6 17. Rac1 f5 18. exf5 g5 19. Rxc8 Qxc8 20. Rc1 Qb8 21. f6
Nhxf6 22. Be6 Ke7 23. Qc3 Rd8 24. Kg2 Qa7 25. Qd2 Rh8 26. Rc7 Qb6 27. Qc3 Rb8
28. Rc4 Qb5 29. a4 Qb6 30. h4 gxh4 31. Rxh4 h5 32. Rc4 Rd8 33. Rb4 Qa7 34. Na5
Nc5 35. Rxb7+ 1-0

[Event "XVII Festival A"]
[Site "Porto San Giorgio ITA"]
[Date "2005.08.22"]
[Round "1"]
[White "Coqueraut, Jean Dominique"]
[Black "Dworakowska, Joanna"]
[Result "0-1"]
[WhiteElo "2060"]
[BlackElo "2401"]
[PlyCount "40"]
[EventDate "2005.08.22"]

1. d4 Nf6 2. c4 g6 3. Nc3 Bg7 4. e4 d6 5. Nf3 O-O 6. Be2 e5 7. O-O Nc6 8. d5
Ne7 9. Bd2 Ne8 10. b4 f5 11. Ng5 h6 12. Ne6 Bxe6 13. dxe6 Qc8 14. Qc1 Qxe6 15.
Bxh6 f4 16. Bxg7 Kxg7 17. Nd5 Nc6 18. h3 Nd4 19. Bg4 Qxg4 20. hxg4 Ne2+ 0-1

[Event "XVII Festival A"]
[Site "Porto San Giorgio ITA"]
[Date "2005.08.22"]
[Round "1"]
[White "Efimov, Igor"]
[Black "Fezza, Davide"]
[Result "1-0"]
[WhiteElo "2401"]
[BlackElo "2062"]
[PlyCount "47"]
[EventDate "2005.08.22"]

1. d4 Nf6 2. Bg5 c5 3. Bxf6 gxf6 4. d5 Qb6 5. Qc1 Na6 6. Nc3 d6 7. Nf3 h5 8. e3
Bd7 9. Be2 Rc8 10. O-O h4 11. h3 Kd8 12. Nd2 Bh6 13. a4 Nb4 14. Nc4 Qc7 15. Qd2
Bf5 16. Nb5 Qb8 17. c3 Na6 18. Bd3 Bd7 19. Qc2 Nc7 20. Bf5 Ne8 21. Bxd7 Kxd7
22. f4 b6 23. a5 Nc7 24. Nxa7 1-0

[Event "XVII Festival A"]
[Site "Porto San Giorgio ITA"]
[Date "2005.08.22"]
[Round "1"]
[White "Fioravanti, Emidio"]
[Black "Naumkin, Igor"]
[Result "0-1"]
[WhiteElo "2092"]
[BlackElo "2444"]
[PlyCount "56"]
[EventDate "2005.08.22"]

1. e4 e5 2. Bc4 Nf6 3. d4 exd4 4. Nf3 Nc6 5. Nxd4 Nxe4 6. O-O d5 7. Nxc6 bxc6
8. Qd4 Be6 9. Ba6 Rb8 10. a3 c5 11. Qe3 Bd6 12. c4 O-O 13. cxd5 Bxd5 14. Nc3
Nxc3 15. Qxc3 Rb3 16. Qc2 Bxh2+ 17. Kxh2 Qh4+ 18. Kg1 Bxg2 19. f3 Qh1+ 20. Kf2
Rxf3+ 21. Ke1 Re8+ 22. Kd1 Rxf1+ 23. Kd2 Rf2+ 24. Kc3 Rxc2+ 25. Kxc2 Be4+ 26.
Kb3 Qd1+ 27. Ka2 Bd5+ 28. Kb1 Bb3 0-1